Quizzes
Events
Quiz Creation
Community
Videos
Private Events
Remove Ads
Sign In
Join for FREE
Feedback
Dark Mode
Quiz Categories
Sports
Geography
Music
Movies
Television
Just For Fun
Miscellaneous
History
Literature
Language
Science
Gaming
Entertainment
Religion
Holiday
For Kids
Quiz Lab
Recent
Popular Today
Quiz Kudos Today
Editor Picks
Curator Picks
Quizzes by...
Day
Popularity
Type
Ratings
Length
Year
Community
Subscriptions
Recent Discussions
Orange Saloon
Badges
Playlists
Quests
Create
Leaderboards
Showdown
Live 5
Trivia Bingo
Activity
Puzzle Library
Sporcle Events
Private Events
Virtual Trivia
Globe League
Become a Host
Pub Owners
SporcleCon
Opinionation
Our Games
Videos
Blog
Mobile Apps
Partnerships
Remove Ads and Go Orange
Feedback
Gaming
Video Games
Board Games
Card Games
Pokémon
Mario
Nintendo
Minecraft
Console
Toys
Legend of Zelda
Gaming
Video Games
Board Games
Card Games
Pokémon
Mario
Nintendo
Minecraft
Console
Toys
Legend of Zelda
Random Quiz
Search Sporcle
×
Quiz Lab
Quiz Lab
Gaming
sonic
Type in answers that appear in a list
Type in answers that appear in a list
Classic
Best Score? Go Orange.
Sonic Level Endings Stats
Name the levels in the Sonic games with the following endings
By
patrickshawkins
20m
214 Questions
261 Plays
261 Plays
261 Plays
Comments
Comments
Give Quiz Kudos
Give Quiz Kudos
-
- Ratings
hide this ad
Replay
Link that replays current quiz
Next Quiz
Link to next quiz in quiz playlist
You Got
0%
They Got
Avg Score
51%
Avg Friend Score
Upgrade to see
Score Distribution
Jump to the score distribution portion of the page
Score
0/214
Timer
20:00
0
Plays Today
Hint
Answer
% Correct
Hill
Green Hill
97.7%
Cave
Green Cave
97.7%
Island
Green Island
97.7%
Forest
Green Forest
97.7%
Hill
Emerald Hill
91.6%
Ocean
Emerald Ocean
91.6%
Coast
Emerald Coast
91.6%
Yard
Spring Yard
87.7%
Base
Sky Base
86.2%
Chase
Sky Chase
86.2%
Fortress
Sky Fortress
86.2%
Park
Sky Park
86.2%
Canyon
Sky Canyon
86.2%
Road
Sky Road
86.2%
Yard
Death Yard
85.1%
Labyrinth
Labyrinth of the Sky
85.1%
Egg
Death Egg
85.1%
Ruins
Death Ruins
85.1%
Lake
Aqua Lake
83.9%
Plant
Chemical Plant
82.8%
Factory
Egg Factory
82%
Station
E.G.G. Station
82%
Labyrinth
Lost Labyrinth
81.2%
Jungle
Lost Jungle
81.2%
Colony
Lost Colony
81.2%
Mountain
Red Mountain
80.8%
Canyon
Red Canyon
80.8%
Ruins
Mystic Ruins
80.5%
Cave
Mystic Cave
80.5%
Hill
Windy Hill
80.1%
Valley
Windy Valley
80.1%
Base
Aquatic Base
79.7%
Ruins
Aquatic Ruins
79.7%
Mine
Aquatic Mine
79.7%
Egg
Final Egg
79.3%
Chase
Final Chase
79.3%
Fortress
Final Fortress
79.3%
Factory
Final Factory
79.3%
Highway
Speed Highway
77%
Labyrinth
Labyrinth of the Sea
76.6%
Island
Angel Island
76.6%
Shelter
Lava Shelter
76%
Jungle
White Jungle
75.9%
Cave
White Cave
75.9%
Park
White Park
75.9%
Base
Ocean Base
75.5%
Mountain
Lava Mountain
75.5%
Palace
Ocean Palace
75.5%
Base
Hidden Base
75.1%
Shelter
Hot Shelter
74.8%
Crater
Hot Crater
74.3%
Hill
Sand Hill
73.9%
Ruins
Sand Ruins
73.9%
Ocean
Sand Ocean
73.9%
Hill
Mushroom Hill
73.6%
Park
Casino Park
72.8%
Mountain
Ice Mountain
71.6%
Factory
Ice Factory
71.6%
City
Radical City
71.3%
Highway
Radical Highway
71.3%
Space
Mad Space
70.9%
Labyrinth
Labyrinth
70.5%
Gadget
Crazy Gadget
70.1%
Hill
Seaside Hill
69.3%
Coast
Seaside Coast
69.3%
Chase
Night Chase
67.4%
Palace
Night Palace
67.4%
Carnival
Night Carnival
67.4%
Plant
Power Plant
64.8%
Castle
Hang Castle
64.8%
Park
Twinkle Park
64.4%
Ocean
Oil Ocean
64.4%
Hint
Answer
% Correct
Desert
Oil Desert
64.4%
Canyon
Rail Canyon
64%
Hill
Neo Green Hill
63.6%
Jungle
Tropical Jungle
62.1%
Palace
Water Palace
62.1%
Coast
Tropical Coast
62.1%
Coast
Blue Coast
60.9%
City
Crisis City
59.8%
Island
Metal Island
59.4%
City
Metal City
59.4%
Core
Cannon's Core
59.4%
Fortress
Wing Fortress
59%
Mountain
Crystal Mountain
58.6%
Egg
Crystal Egg
58.6%
Cave
Crystal Cave
58.6%
Ruins
Chaos Ruins
57.5%
Angel
Chaos Angel
57.5%
Hill
Splash Hill
57.1%
Ocean
Wave Ocean
57.1%
Canyon
Splash Canyon
57.1%
Gadget
Space Gadget
56.7%
Desert
Dusty Desert
56.7%
Hill
Pumpkin Hill
56.3%
Jungle
Jungle
56.3%
Forest
Frog Forest
56.3%
Station
Bullet Station
56.3%
Hill
Turquoise Hill
55.6%
Base
Launch Base
55.2%
Desert
Yellow Desert
55.2%
Hill
Sunset Hill
54.4%
Park
Sunset Park
54.4%
Forest
Sunset Forest
54.4%
Angel
Cosmic Angel
54.4%
Jungle
Iron Jungle
54%
Ruins
Iron Ruins
54%
Highway
BINGO Highway
54%
Hill
Mecha Green Hill
52.9%
Isle
Windmill Isle
52.9%
Ruins
Desert Ruins
52.5%
Palace
Desert Palace
52.5%
Road
Desert Road
52.5%
Carnival
Starlight Carnival
52.5%
Valley
Kingdom Valley
52.1%
Yard
Scrapyard
51.7%
Canyon
Wild Canyon
51.3%
Tower
Eggman's Tower
50.2%
Egg
Scrambled Egg
48.7%
Base
Secret Base
48.3%
Plant
Secret Plant
48.3%
Core
Flame Core
47.9%
Lake
Misty Lake
47.5%
Forest
Leaf Forest
46%
Kingdom
Plant Kingdom
45.6%
Road
Dragon Road
44.8%
Forest
Frozen Forest
44.4%
Factory
Frozen Factory
44.4%
City
Hydrocity
44.1%
Base
Techno Base
43.7%
Tower
Techno Tower
43.7%
Mountain
Sweet Mountain
43.3%
Island
Prison Island
43.3%
Cave
Pyramid Cave
42.5%
Isle
Icy Isle
41.4%
Valley
Dark Valley
41.4%
Castle
Dark Castle
41.4%
Desert
Dark Desert
41.4%
Castle
Silver Castle
40.6%
Mountain
Gimmick Mountain
39.8%
Core
Deep Core
39.5%
Park
Aquarium Park
38.7%
City
Central City
38.3%
Kingdom
Toy Kingdom
37.9%
Hint
Answer
% Correct
Fortress
GUN Fortress
37.5%
Valley
Volcano Valley
37.5%
Labyrinth
Machine Labyrinth
37.2%
Island
South Island
36.8%
Egg
Electric Egg
36.4%
Labyrinth
Labyrinth of the Castle
36%
Labyrinth
Labyrinth of the Factory
35.6%
Lake
Azure Lake
35.6%
Highway
Lethal Highway
35.6%
Jungle
Dinosaur Jungle
34.1%
Plant
Music Plant
34.1%
Castle
Cryptic Castle
34.1%
Castle
Camelot Castle
34.1%
Park
Circus Park
33.7%
Ruins
Rusty Ruins
33.3%
Cave
Toxic Caves
33.3%
Base
Meteor Base
33%
Island
Pirates' Island
32.6%
Egg
Sleeping Egg
31%
Forest
Silent Forest
31%
Kingdom
Snowy Kingdom
31%
Road
Mirage Road
30.7%
Space
Chaotic Space
30.3%
Gadget
Gene Gadget
29.9%
Base
Botanic Base
29.1%
Mine
Molten Mine
28.4%
Angel
Gigantic Angel
28.4%
Carnival
SEGA Carnival
27.6%
Island
Neo South Island
27.2%
Gadget
Chrome Gadget
27.2%
Crater
Crimson Crater
27.2%
Cave
Coral Cave
24.9%
Tower
Trap Tower
24.9%
Canyon
Glyphic Canyon
24.9%
Mine
Endless Mine
24.5%
Castle
Sylvania Castle
24.1%
Base
Aerobase
22.2%
Colony
Voxai Colony Alpha
21.6%
Canyon
Shadow Canyons
21.5%
Crater
Volcanic Crater
21.5%
Park
Balloon Park
20.7%
Mountain
Polly Mountain
20.3%
Ruins
Ancient Ruins
20.3%
Ruins
Levitated Ruins
19.9%
Colony
Kron Colony
19.9%
Ruins
Regal Ruins
19.2%
Island
Isolated Island
19.2%
Kingdom
Botanical Kingdom
18.4%
Colony
Voxai Colony Beta
18%
Station
Megalo Station
17.6%
Fortress
Battle Fortress
17.2%
Highway
Battle Highway
17.2%
Isle
Slowpoke Isle
16.9%
Island
Resort Island
16.9%
Canyon
Frontier Canyon
16.5%
Shelter
Gimme Shelter
16.1%
Forest
Poloy Forest
16.1%
Park
Neon Park
15.7%
Factory
Reactive Factory
15.7%
Colony
Zoah Colony
14.6%
Colony
N'rrgal Colony
14.2%
Plant
Dynamite Plant
13.4%
Island
Coco Island
13.4%
Island
Cavern Island
13%
Forest
Shrouded Forest
13%
Forest
Caron Forest
11.1%
Highway
Colosseum Highway
10.7%
Plant
Ocean Purification Plant
10%
Space
Fourth Dimension Space
8.8%
Cave
Quake Cave
6.9%
Quiz Playlist
Details
Report
Send in Message
Add To Playlist
Classic:
Type in answers that appear in a list
Last Updated: Feb 16, 2017
Quiz Scoreboard
CHALLENGE
Sign Up to Join the Scoreboard
Show All
Scores
Hide
Comments
May contain spoilers
Recently Published
Movies - When Are They Set?
by FPL_Elf
Movies
5m
Popular People in 1961
by mucciniale
History
6m
1-10 Letter E Words III
by El_Dandy
Language
2m
More to Explore
Quiz From the Vault
Featured Blog Post
Where Did the Easter Bunny Come From?
hide this ad
You Might Also Like...
Tags
Ending
Level
sonic
Today's Top Quizzes in Gaming
Browse Gaming
hide this ad
Today's Top Quizzes in sonic
Browse sonic
Top Contributed Quizzes in Gaming
1
Destiny 2 exotic weapons by perk icons
2
Ultimate Genshin Impact Logic Puzzle (up to 4.3)
3
5-to-1: Consoles
4
Genshin Impact Logic Puzzle Quiz
5
Franchise by Action Figure
6
Who's on the WWE 2K24 Cover?
7
Windmill: Pokémon
8
Legendary or Exotic?
9
Overwatch 2: Ultimate Ability Icons
10
5-to-1: Legend of Zelda
Explore More
Trending Topics
Harry Potter
Marvel
Anime
Kpop
NBA
Disney
Crossword
Soccer
NFL
Pokémon
Puzzle
Song
Country
WWE
The Office
hide this ad
More By:
patrickshawkins
Quiz
Plays
Rating
Category
Featured
Created
SPORCLE Pokémon
18,423
4.79
Gaming
Apr 23, 2017
Pokémon Dual Type Combinations
2,514
4.29
Gaming
Jul 18, 2016
List of Power Rangers
2,334
5.00
Television
Jan 19, 2017
Power Rangers Villains
1,374
Television
Mar 10, 2017
Pokémon Move Endings
1,110
3.00
Gaming
May 12, 2016
Go to Creator's Profile
Score Distribution
Quiz Creator Spotlight
patrickshawkins
Follow
Send a Message
Quizzes Created
-
Created Quiz Play Count
-
More By This Creator
Popular Quizzes Today
1
Find the Countries of Europe - No Outlines Minefield
2
Find the US States - No Outlines Minefield
3
The Countries of the World
4
Popular People in 1961
5
US States
6
1-10 Letter E Words III
7
Find the US States
8
One Thing in Common: World Cities II
More Gaming Quizzes
10 Years of Big 4 Video Games
Quiz Lab
Trending Quizzes
Risky Map Clicking: Least Populous States A-Z
1-10 Letter F Words
1-10 Letter G Words
One Thing in Common: United Kingdom
Risky Map Clicking: Next State Alphabetically
Recently Updated
Leaping Animals
pecheneg
Reality TV Shows (A-Z)
bhenderson79
Rickey Henderson's Hall of Fame Teammates
pecheneg
Champions League XIs: Arsenal
pecheneg
Quick Pick: Celebrities in WWE's Hall of Fame
aduchscher
A-Z Keypad Blitz II
pecheneg
Multiple Oscar Actors
pecheneg
Mystery Phrase Blitz: Oscar 'Best Actors'
pecheneg
F. Scott Fitzgerald Novels
LTH
Pick 3 Villains
ddd62291
Trending Topics
Kpop
Disney
Anime
Crossword
Harry Potter
Marvel
NBA
WWE
Soccer
Song
Country
The Office
Puzzle
Pokémon
NFL
Your Account Isn't Verified!
In order to create a playlist on Sporcle, you need to verify the email address you used during registration. Go to your
Sporcle Settings
to finish the process.
Report this User
Report this user for behavior that violates our
Community Guidelines
.
Details:
Send Report
Go to the Sporcle.com Mobile Site →
Comments